000 00288nam a22001337a 4500
008 170529b xxu||||| |||| 00| 0 eng d
020 _a0700224939
041 _aeng
080 _a624
100 _a27
101 _aim
245 _aELEMENTARY SURVEYING
_cBRINKER, R.C
942 _2udc
_cBK
999 _c14722
_d14722